000 00703cam a22002413a 4500
001 22308
003 PGUSA
005 20140828083456.0
008 070813s2007||||xxu|||||s|||||000 p eng d
040 _aPGUSA
_beng
042 _adc
050 4 _aPZ
245 1 0 _aGolden Moments :
_bBright Stories for Young Folks
_h[electronic resource] /
_cAnonymous
260 _bProject Gutenberg,
_c2007
506 _aPublic domain in the USA.
516 _aElectronic text
653 _aChildren -- Conduct of life -- Juvenile fiction
653 _aChildren's stories
653 _aChildren's poetry
830 0 _aProject Gutenberg
_v22308
856 4 0 _uhttp://www.gutenberg.org/ebooks/22308
942 _cEB
999 _c251563
_d251563